Представление документа в формате RUSMARC

ПолеНазваниеЗначение
  Тип записи a
  Библиографический уровень a
001 Контрольный номер 8586790024c049afaf3d05d983462efc
005 Дата корректировки 20250530163928.7
100 Данные общей обработки __
a Данные общей обработки 20230510d2023 041m##c0rusy0189## ca
101 Язык документа 0_
a Язык текста rus
102 Страна публикации __
a Страна публикации RU
200 Заглавие и сведения об ответственности 1_
a Заглавие "У нас есть свой русский национальный театр. Он по справедливости должен называться "Театр Островского"
e Сведения, относящиеся к заглавию [о жизни и творчестве А. Н. Островского, его значении для русской литературы и русского театра; к 200-летию со дня рождения
f Первые сведения об ответственности А. Лобкарёва
203 Вид содержания и тип средства __
a Вид содержания Текст
b Характеристика содержания визуальный
c Тип средства непосредственный
461 Уровень набора _0
1 2001
a Симбирскъ
463 Уровень физической единицы _0
1 2001
a № 2 (101)
v С. 51-54 : ил., фот.
1 2101
d 2023
1 901
w RU/REG73/CBS_GRAD/8da032f5ad624903b1ec670e2aec1381
517 Другие варианты заглавия 1_
a Другие варианты заглавия У нас есть свой русский национальный театр. Он по справедливости должен называться Театр Островского
600 Персоналии _1
a Персоналии (Фамилия) Островский
g Полное имя Александр Николаевич
600 Персоналии _1
a Персоналии (Фамилия) Гончаров
g Полное имя Иван Александрович
606 Тематические рубрики 0_
y Географическая подрубрика Ульяновск, город
y Географическая подрубрика Симбирск, город
a Основная рубрика Островский, Александр Николаевич (1823-1886), о нём
610 Ключевые слова 0_
a Ключевые слова русские писатели, литературоведение, драматурги, театры, Театр Островского, русский театр, история театра, писатели-юбиляры
686 Индексы других классификаций __
a Классификационный индекс 83.3Р1
700 Автор _1
a Фамилия Лобкарёва
b Имя (инициалы) А.
g Полное личное имя Антонина
801 Источник записи _0
a Страна RU
b Организация RuCBSGrad
c Дата составления 20231129
g Правила каталогизации RCR
801 Источник записи _1
a Страна RU
b Организация RuCBSGrad
c Дата составления 20231129
g Правила каталогизации RCR
852 Данные о местонахождении __
a Наименование организации МБУК ЦБС г. Димитровграда
901 Тип документа __
w Контрольный № источника RU/REG73/CBS_GRAD/8da032f5ad624903b1ec670e2aec1381
t Тип документа b
905 Данные по созданию БЗ __
b Логин пользователя, который создал БЗ i
909 Создатель записи __
a Создатель записи Тенигина
b Дата создания записи 20231129